[Event "Titled Tuesday intern op 13th Feb Early"]
[Site "Chess.com INT"]
[Date "2024.02.13"]
[Round "2"]
[White "Palencia Morales, Wilson Guillermo"]
[Black "Reshef, Omer"]
[Result "1/2-1/2"]
[WhiteElo "2180"]
[BlackElo "2464"]
[PlyCount "220"]
[EventDate "2024.02.13"]
[EventType "swiss (blitz)"]
[EventRounds "11"]
[EventCountry "USA"]
[SourceTitle "CB08_2024"]
[SourceDate "2024.02.21"]
[SourceVersion "1"]
[SourceVersionDate "2024.02.21"]
[SourceQuality "1"]

1. d4 d5 2. c4 c6 3. Nf3 Nf6 4. Nc3 dxc4 5. a4 Bf5 6. Ne5 Nbd7 7. Nxc4 Qc7 8. g3 e5 9. dxe5 Nxe5 10. Bf4 Nfd7 11. Bg2 Be6 12. Nxe5 Nxe5 13. 0-0 f6 14. a5 a6 15. Qc2 Rd8 16. Ne4 Be7 17. Nc5 Bxc5 18. Qxc5 Kf7 19. Qb4 Rd7 20. Be3 Qd6 21. Bc5 Qd2 22. f4 Qxb4 23. Bxb4 Nc4 24. Bc3 Ne3 25. Rfc1 Nxg2 26. Kxg2 Bd5+ 27. Kf2 Re8 28. Rd1 Re4 29. Rd4 Rde7 30. Rxe4 Rxe4 31. e3 h5 32. Bd4 Kg6 33. h3 Kf5 34. g4+ hxg4 35. hxg4+ Kg6 36. b4 Re8 37. Re1 Be4 38. Rd1 Rh8 39. Bc5 Bd5 40. Rd4 Rh2+ 41. Kf1 Rh1+ 42. Kf2 Rh2+ 43. Kg3 Re2 44. Rd3 Kf7 45. f5 g6 46. fxg6+ Kxg6 47. Bd4 Kg5 48. Rd1 Rg2+ 49. Kh3 Rc2 50. Kg3 Ra2 51. Rf1 Rg2+ 52. Kh3 Rxg4 53. Bxf6+ Kh5 54. Rf5+ Kg6 55. Kxg4 Be6 56. Kf4 Bxf5 57. Ke5 Bd3 58. Bh4 Kf7 59. e4 Ke8 60. Bg5 Kd7 61. Kd4 Bb1 62. Ke5 Bc2 63. Bf6 Bb1 64. Kf5 Kd6 65. Be5+ Ke7 66. Bd4 Kd6 67. Bc5+ Kd7 68. Ke5 Bc2 69. Kd4 Bb1 70. Ke5 Bc2 71. Kf4 Bb1 72. e5 Ba2 73. Kg5 Ke6 74. Kf4 Bb3 75. Ke4 Bc4 76. Bd6 Bb5 77. Kf4 Kd7 78. Kf5 Bc4 79. Kf6 Bb3 80. Bc5 Ba2 81. Kg7 Bb3 82. Kf8 Ba2 83. Bd6 Bb3 84. Kg7 Ba2 85. Kg6 Bb3 86. Kf5 Ba2 87. Ke4 Bb3 88. Kd4 Ba2 89. Kc5 Bb3 90. Kb6 Kc8 91. Kc5 Ba2 92. Bf8 Kd7 93. Bh6 Bb3 94. Bf4 Ba2 95. Kb6 Kc8 96. Kc5 Kd7 97. Bg3 Bb3 98. Kd4 Ba2 99. Ke4 Bb3 100. Kf5 Ba2 101. Kf6 Bb3 102. Bf2 Ba2 103. Bb6 Bb3 104. Bc5 Ba2 105. Kf5 Bb3 106. Ke4 Ba2 107. Bd6 Bb3 108. Kd4 Ba2 109. Kc3 Bg8 110. Kd4 Ba2 1/2-1/2

[Event "EU-ch 23rd"]
[Site "Vrnjacka Banja"]
[Date "2023.03.06"]
[Round "4"]
[White "Gaal, Zsoka"]
[Black "Reshef, Omer"]
[Result "0-1"]
[WhiteElo "2320"]
[BlackElo "2492"]
[PlyCount "58"]
[EventDate "2023.03.03"]
[EventType "swiss"]
[EventRounds "11"]
[EventCountry "SRB"]
[SourceTitle "CBM 213"]
[Source "ChessBase"]
[SourceDate "2023.04.30"]
[SourceVersion "1"]
[SourceVersionDate "2023.04.30"]
[SourceQuality "1"]

1. d4 Nf6 2. c4 c6 3. Nf3 d5 4. e3 g6 5. Nc3 Bg7 6. Be2 0-0 7. 0-0 Bg4 8. cxd5 cxd5 9. Qb3 b6 10. h3 Bc8 11. Ne5 Bb7 12. a4 Nc6 13. Nxc6 Bxc6 14. a5 b5 15. a6 Rb8 16. Qb4 e6 17. Bd2 Qd7 18. Rfc1 Rb6 19. Qa5 Rfb8 20. Na2 Ne8 21. Bb4 Nc7 22. Bc5 Rxa6 23. Qc3 Bb7 24. Nb4 Rxa1 25. Rxa1 a6 26. Nd3 Ne8 27. Bb4 Ra8 28. Ba5 Bf6 29. Nc5 Qc6 0-1

[Event "EU-ch 23rd"]
[Site "Vrnjacka Banja"]
[Date "2023.03.03"]
[Round "1"]
[White "Reshef, Omer"]
[Black "Noy, Eyal"]
[Result "1-0"]
[WhiteElo "2492"]
[BlackElo "2161"]
[PlyCount "67"]
[EventDate "2023.03.03"]
[EventType "swiss"]
[EventRounds "11"]
[EventCountry "SRB"]
[SourceTitle "CBM 213"]
[Source "ChessBase"]
[SourceDate "2023.04.30"]
[SourceVersion "1"]
[SourceVersionDate "2023.04.30"]
[SourceQuality "1"]

1. e4 c5 2. Nf3 d6 3. b3 Nf6 4. Nc3 Nc6 5. Bb2 Bg4 6. Bb5 e5 7. Bxc6+ bxc6 8. h3 Bh5 9. Qe2 Be7 10. 0-0-0 0-0 11. g4 Bg6 12. d3 Qd7 13. Kb1 Qe6 14. Rdg1 Nd7 15. h4 f6 16. h5 Be8 17. Nh4 h6 18. Qd2 Bf7 19. Ng6 Rfd8 20. f4 d5 21. exd5 cxd5 22. Nxd5 Bd6 23. fxe5 Qxd5 24. exd6 Bxg6 25. hxg6 Nf8 26. Bxf6 Rxd6 27. Bxg7 Rxg6 28. Bb2 Ne6 29. Rxh6 Rxh6 30. Qxh6 Kf7 31. Qh7+ Ke8 32. g5 Qf3 33. Re1 Qg4 34. Qh8+ 1-0

[Event "FIDE World Uni Rapid-E 1st"]
[Site "Tornelo INT"]
[Date "2021.03.20"]
[Round "2"]
[White "Bahamondes Cepeda, Jose Patricio"]
[Black "Reshef, Omer"]
[Result "0-1"]
[WhiteElo "1893"]
[BlackElo "2495"]
[PlyCount "172"]
[EventDate "2021.03.20"]
[EventType "swiss (rapid)"]
[EventRounds "12"]
[EventCountry "NET"]
[SourceTitle "EXT 2022"]
[Source "ChessBase"]
[SourceDate "2021.10.06"]
[SourceVersion "1"]
[SourceVersionDate "2021.10.06"]
[SourceQuality "1"]

1. d4 d6 2. c4 Nf6 3. Nc3 e5 4. e4 Nc6 5. Nf3 Bg4 6. d5 Nd4 7. Be3 Nxf3+ 8. gxf3 Bh5 9. Be2 Be7 10. f4 Bxe2 11. Qxe2 exf4 12. Bxf4 Nd7 13. Rg1 Bf6 14. Qd2 Nc5 15. f3 Qe7 16. 0-0-0 0-0-0 17. b4 Nd7 18. Nb5 a6 19. Nd4 g6 20. Qc2 Kb8 21. c5 Be5 22. Bxe5 dxe5 23. Nb3 Ka7 24. a3 Nb8 25. Kb2 Rhf8 26. Rc1 f5 27. Rge1 fxe4 28. Qxe4 Qf7 29. Qxe5 Rxd5 30. Qe4 Qxf3 31. Qxf3 Rxf3 32. Re7 Rd7 33. Rce1 Rf7 34. Rxd7 Nxd7 35. Nd4 c6 36. Re2 Kb8 37. Kc3 Nf6 38. Kc4 Kc7 39. Re3 Nd5 40. Re8 Kd7 41. Rb8 Kc7 42. Re8 Re7 43. Rf8 Re3 44. Rf7+ Re7 45. Rf8 Ne3+ 46. Kd3 Ng4 47. h3 Ne5+ 48. Kc3 Nd7 49. Rf3 Kd8 50. Rd3 Ke8 51. a4 Nf6 52. Rf3 Nd5+ 53. Kc4 Re3 54. Rxe3+ Nxe3+ 55. Kd3 Nd5 56. b5 axb5 57. axb5 Kd7 58. bxc6+ bxc6 59. Ke4 Nc3+ 60. Ke5 Na4 61. Nb3 Ke7 62. Nd4 Nxc5 63. Nxc6+ Kf7 64. Nd4 Nd3+ 65. Kd5 Nf4+ 66. Ke4 Nxh3 67. Ne2 Kf6 68. Kf3 Ng5+ 69. Kg4 Nf7 70. Ng3 Nd6 71. Kf4 h5 72. Kf3 Kg5 73. Nf1 Nf5 74. Nh2 Kf6 75. Nf1 g5 76. Nd2 Ke5 77. Nc4+ Kd5 78. Nb6+ Ke6 79. Nc4 Nd6 80. Ne3 Ke5 81. Nd1 g4+ 82. Kg3 Nf5+ 83. Kg2 Kf4 84. Kf2 h4 85. Nc3 g3+ 86. Kg1 h3 0-1

[Event "FIDE World Uni Blitz-B 1st"]
[Site "Tornelo INT"]
[Date "2021.03.13"]
[Round "5.40"]
[White "Gutierrez Bernardini, Eduardo"]
[Black "Reshef, Omer"]
[Result "0-1"]
[WhiteElo "1584"]
[BlackElo "2495"]
[PlyCount "68"]
[EventDate "2021.03.13"]
[EventType "swiss (blitz)"]
[EventRounds "10"]
[EventCountry "NET"]
[SourceTitle "EXT 2022"]
[Source "ChessBase"]
[SourceDate "2021.10.06"]
[SourceVersion "1"]
[SourceVersionDate "2021.10.06"]
[SourceQuality "1"]

1. b3 e5 2. Bb2 Nc6 3. e3 Nf6 4. Bb5 d6 5. Bxc6+ bxc6 6. Ne2 Be7 7. 0-0 0-0 8. f4 e4 9. Ng3 d5 10. Nc3 Ba6 11. Nce2 Qd7 12. h3 Ne8 13. d3 f5 14. c4 Rd8 15. Qc2 exd3 16. Qxd3 dxc4 17. Qxd7 Rxd7 18. bxc4 Bxc4 19. Rfd1 Rxd1+ 20. Rxd1 Bc5 21. Bd4 Bb6 22. a4 Nd6 23. Ra1 Re8 24. Kf2 a5 25. Nc3 g6 26. Nce2 c5 27. Be5 Bd3 28. Nc3 c4 29. Nd5 Rb8 30. Rc1 Kf7 31. Nc3 Bc5 32. Nd5 Rb7 33. Rd1 Ke6 34. h4 Kxd5 0-1

[Event "FIDE World Uni Blitz-B 1st"]
[Site "Tornelo INT"]
[Date "2021.03.13"]
[Round "3.30"]
[White "Manukyan, Artyom"]
[Black "Reshef, Omer"]
[Result "1-0"]
[WhiteElo "2148"]
[BlackElo "2495"]
[PlyCount "91"]
[EventDate "2021.03.13"]
[EventType "swiss (blitz)"]
[EventRounds "10"]
[EventCountry "NET"]
[SourceTitle "EXT 2022"]
[Source "ChessBase"]
[SourceDate "2021.10.06"]
[SourceVersion "1"]
[SourceVersionDate "2021.10.06"]
[SourceQuality "1"]

1. e4 e5 2. Nf3 Nc6 3. Bb5 a6 4. Bxc6 dxc6 5. 0-0 Bg4 6. h3 h5 7. d3 Qf6 8. Nbd2 Bc5 9. Nb3 Bb6 10. Be3 Bxf3 11. Qxf3 Qxf3 12. gxf3 Ne7 13. f4 exf4 14. Bxf4 0-0-0 15. a4 g5 16. Bd2 g4 17. hxg4 hxg4 18. a5 Ba7 19. Kg2 Rh3 20. Bg5 Re8 21. Rh1 Rf3 22. Raf1 Ng6 23. Nd2 Rh3 24. Rxh3 gxh3+ 25. Kxh3 Re5 26. f4 Rxa5 27. Nc4 Ra2 28. f5 Nf8 29. Bf6 Nd7 30. Bc3 b5 31. Nd2 c5 32. Rg1 b4 33. Rg8+ Kb7 34. Bg7 a5 35. Nc4 a4 36. Rd8 Nb6 37. Rf8 Nxc4 38. dxc4 a3 39. bxa3 bxa3 40. Rxf7 Rxc2 41. Be5 Bb6 42. Re7 a2 43. f6 Rxc4 44. f7 Rxe4 45. f8Q Rxe5 46. Qf3+ 1-0

[Event "Titled Tuesday intern op 12th Jan"]
[Site "Chess.com INT"]
[Date "2021.01.12"]
[Round "2"]
[White "Harsha, Bharathakoti"]
[Black "Reshef, Omer"]
[Result "1-0"]
[WhiteElo "2509"]
[BlackElo "2495"]
[PlyCount "79"]
[EventDate "2021.01.12"]
[EventType "swiss (blitz)"]
[EventRounds "11"]
[EventCountry "USA"]
[SourceTitle "CBM 200 Extra"]
[Source "ChessBase"]
[SourceDate "2021.03.31"]
[SourceVersion "1"]
[SourceVersionDate "2021.03.31"]
[SourceQuality "1"]

1. e4 e5 2. Nf3 Nc6 3. Bc4 Bc5 4. c3 Nf6 5. d4 exd4 6. e5 d5 7. Bb5 Ne4 8. cxd4 Bb6 9. Nc3 0-0 10. Be3 f6 11. exf6 Nxc3 12. bxc3 Qxf6 13. Be2 Bg4 14. 0-0 Kh8 15. Re1 Rae8 16. h3 Bh5 17. Rb1 Ne7 18. Ne5 Bxe2 19. Qxe2 Qf5 20. f4 Ng6 21. Rf1 Qe4 22. Qd2 Kg8 23. Rbe1 c6 24. g4 Nxe5 25. dxe5 Rxf4 26. Bxb6 Rxf1+ 27. Rxf1 axb6 28. Qf2 Qg6 29. Qxb6 h6 30. Qc7 Kh7 31. Rf5 Qe6 32. Qxb7 Re7 33. Qb8 d4 34. cxd4 Qxa2 35. Rf8 Qa1+ 36. Kg2 Qxd4 37. Rh8+ Kg6 38. Qb1+ Kg5 39. Qf5+ Kh4 40. Qh5# 1-0

[Event "Texas Collegiate Finals"]
[Site "chess24.com INT"]
[Date "2020.10.18"]
[Round "7.1"]
[White "Reshef, Omer"]
[Black "Shtembuliak, Evgeny"]
[Result "0-1"]
[WhiteElo "2495"]
[BlackElo "2620"]
[PlyCount "122"]
[EventDate "2020.10.17"]
[EventType "team-tourn (rapid)"]
[EventRounds "8"]
[EventCountry "USA"]
[SourceTitle "CBM 198 Extra"]
[Source "ChessBase"]
[SourceDate "2020.11.30"]
[SourceVersion "1"]
[SourceVersionDate "2020.11.30"]
[SourceQuality "1"]
[WhiteTeam "Texas Dallas Univ II"]
[BlackTeam "Texas Tech Univ"]
[WhiteTeamCountry "USA"]
[BlackTeamCountry "USA"]

1. e4 g6 2. d4 d6 3. Nc3 Bg7 4. h3 a6 5. Nf3 Nf6 6. Bd3 0-0 7. 0-0 Nc6 8. a3 e5 9. dxe5 Nxe5 10. Nxe5 dxe5 11. Bc4 b5 12. Bb3 c5 13. Bd5 Nxd5 14. Qxd5 Qxd5 15. Nxd5 Bb7 16. Rd1 f5 17. Be3 c4 18. f3 Rf7 19. a4 Bf8 20. c3 Kg7 21. Nb6 Re8 22. Nd5 Rd8 23. axb5 axb5 24. Ra5 Bc6 25. Ra6 Bxd5 26. exd5 Rfd7 27. Ra7 Rxa7 28. Bxa7 Ra8 29. Bb6 Bd6 30. Kf1 Ra2 31. Rd2 Ra1+ 32. Ke2 Rb1 33. Be3 Kf6 34. Bf2 h5 35. Bb6 f4 36. Bd8+ Kf5 37. Bb6 g5 38. Bf2 g4 39. hxg4+ hxg4 40. Bb6 Rh1 41. Bf2 Rh2 42. Kf1 gxf3 43. gxf3 Bc5 44. Be1 Rxd2 45. Bxd2 e4 46. Ke2 e3 47. Be1 Be7 48. d6 Bf6 49. d7 Ke6 50. Kd1 Kxd7 51. Kc2 Ke6 52. b3 Kf5 53. Kb2 Be7 54. bxc4 bxc4 55. Kc2 Kg6 56. Kd1 Kh5 57. Ke2 Bh4 58. Kf1 Bxe1 59. Kxe1 Kh4 60. Kf1 Kg3 61. Ke2 Kg2 0-1

[Event "Texas Collegiate Finals"]
[Site "chess24.com INT"]
[Date "2020.10.17"]
[Round "4.3"]
[White "Dragun, Kamil"]
[Black "Reshef, Omer"]
[Result "1/2-1/2"]
[WhiteElo "2561"]
[BlackElo "2495"]
[PlyCount "82"]
[EventDate "2020.10.17"]
[EventType "team-tourn (rapid)"]
[EventRounds "8"]
[EventCountry "USA"]
[SourceTitle "CBM 198 Extra"]
[Source "ChessBase"]
[SourceDate "2020.11.30"]
[SourceVersion "1"]
[SourceVersionDate "2020.11.30"]
[SourceQuality "1"]
[WhiteTeam "Texas Rio Grande Valley Univ II"]
[BlackTeam "Texas Dallas Univ II"]
[WhiteTeamCountry "USA"]
[BlackTeamCountry "USA"]

1. d4 d5 2. c4 c6 3. e3 Nf6 4. Nc3 g6 5. Nf3 Bg7 6. Be2 0-0 7. 0-0 Bg4 8. b3 e6 9. h3 Bxf3 10. Bxf3 Nbd7 11. a4 a5 12. cxd5 exd5 13. Ba3 Re8 14. b4 axb4 15. Bxb4 Ne4 16. Qc2 Ndf6 17. a5 Bf8 18. Bxf8 Kxf8 19. Bxe4 dxe4 20. Qb2 Re7 21. Qb4 Kg7 22. Rfb1 Nd5 23. Qc5 h5 24. Nxd5 cxd5 25. Rb5 Rd7 26. Qb4 h4 27. Rc1 Rc8 28. Rbc5 Ra8 29. Rb5 Rc8 30. Rcc5 Rxc5 31. Rxc5 Qe7 32. Qc3 Qg5 33. Rc8 Qe7 34. Rc5 Qg5 35. Rc8 Qe7 36. Qb3 Qd6 37. Qb5 Qe7 38. Qb6 Qa3 39. Qb5 Qe7 40. Qb3 Qd6 41. Qc3 Qe7 1/2-1/2